00454 2200181 4500001002100000005001500021008004100036020001800077035001900095041000700114082001600121090001600137100002400153245002500177250000600202260004000208300002400248INLIS00000000001534320241224114920241224||||||||| | ||| |||| || |  a979-010-002-7 0010-1224015343 aid0 a150.7 DJA p a150.7 DJA p0 aProf. Dr. H. Djaali00aPSIKOLOGI PENDIDIKAN a1 aJakartabPt Bumi Aksara Groupc2013 ax, 138 hlm.; 21 cm.